00305nam a2200121Ia 4500008004100000041000800041082001600049100001700065245002900082260003800111300002900149365000500178240624s9999 xx 000 0 und d aeng a658.421 DAS aDASH MOTILAL aENTREPRENEURSHIP CULTURE c2005aNew DelhibAllied Publisher av, : 133 : p. : cm. ; 21 c